| 000 | 01272nam a2200181Ia 4500 | ||
|---|---|---|---|
| 005 | 20250807104731.0 | ||
| 008 | 250807s9999 xx 000 0 und d | ||
| 020 | _a9781558762091 | ||
| 082 |
_a964.02 _bSHA |
||
| 100 | _aShatzmiller, Maya | ||
| 245 | 4 | _aThe Berbers and the Islamic State | |
| 245 | 0 | _cShatzmiller, Maya | |
| 260 |
_bPrinceton : Markus Wiener Publishers _c2000 |
||
| 300 | _a230 pages | ||
| 520 | _aEspecially germane at a time when Arabs and Islam are reflexively equated, Schatzmiller (U. of Western Ontario) studies the Berbers' search for their place in Islamic history since their 8th century conquest. Atypically, the author points out the strengths of this North African Berber-Islamic state--larger than present-day Morocco--in the 13th-15th centuries under the rule of Islamophile Marinid tribes. Encompassing her writings from 1976- 93, she discusses the waqf endowment for the public good institution as an example of acculturation to Islamic norms and the Kitab al-ans-ab history text in terms of Berber identity issues. Appendices provides details on this text and the waqf system. Includes illustrations of texts, artifacts, and mosques. Annotation copyrighted by Book News Inc., Portland, OR | ||
| 650 | _aHistory | ||
| 942 | _cENGLISH | ||
| 999 |
_c579045 _d579045 |
||